Los mirasoles
Los mirasoles, es una comedia costumbrista, ambientada en la Argentina de principios del siglo XX, en donde se resalta el conflicto siempre persistente entre Buenos Aires y el denominado “interior” del país; la concepción de una capital adelantada y floreciente con tintes europeos, en comparación co...
Gespeichert in:
| 1. Verfasser: | |
|---|---|
| Format: | Buch |
| Sprache: | Undetermined |
| Veröffentlicht: |
Buenos Aires, Argentina
Huemul S.A.
1966
|
| Ausgabe: | 3 |
| Schlagworte: | |
| Tags: |
Tag hinzufügen
Keine Tags, Fügen Sie den ersten Tag hinzu!
|
MARC
| LEADER | 00000nam a2200000Ia 4500 | ||
|---|---|---|---|
| 008 | 170316s9999 xx 000 0 und d | ||
| 040 | |a cru BVZT | ||
| 090 | |a 860 S-12m | ||
| 100 | |a Sánchez Gardel, Julio |9 989 | ||
| 245 | |a Los mirasoles |c / Julio Sánchez Gardel | ||
| 250 | |a 3 | ||
| 260 | |a Buenos Aires, Argentina |b Huemul S.A. |c 1966 | ||
| 300 | |a 109 páginas | ||
| 520 | |a Los mirasoles, es una comedia costumbrista, ambientada en la Argentina de principios del siglo XX, en donde se resalta el conflicto siempre persistente entre Buenos Aires y el denominado “interior” del país; la concepción de una capital adelantada y floreciente con tintes europeos, en comparación con un entorno provinciano, considerado inculto y atrasado. Dicha confrontación ideológica, se desarrolla a luz del romance entre una joven de pueblo y un abogado citadino, bajo el conservadurismo y la tradición, propias de la época. | ||
| 650 | |a LITERATURA LATINOAMERICANA |9 15 | ||
| 650 | |a COMEDIA COSTUMBRISTA |9 990 | ||
| 999 | |c 8287 |d 8287 | ||
| 942 | |c 15 D |h 860 S-12m |2 z | ||
